| 000 | 00453cam a2200169ua 4500 | ||
|---|---|---|---|
| 020 | _c1.25 | ||
| 041 |
_amal _h |
||
| 082 |
_a894.8121 _bRAJ/NA |
||
| 100 | _aRajarajavarma, A R . | ||
| 245 |
_aNalachatitham kadhakali (Onnam divasam) / _cA R Rajarajavarma. _hTextual Documents |
||
| 260 |
_aTrivandrum : _bB V Book depot and printing works , _c1964. |
||
| 300 | _a83 ; . | ||
| 365 | _a1.25 | ||
| 504 | _a | ||
| 942 | _cBK | ||
| 999 |
_c4924 _d4924 |
||